Genetické algoritmy a ich využitie v praxi (praktické využitie evolučnej optimalizácie) diplomová práca

Saved in:
Bibliographic Details
Main Author: Hanačík, Tomáš
Corporate Author: Fakulta hospodárskej informatiky EU. Katedra aplikovanej informatiky
Other Authors: Oliva, Tomáš
Format: Book
Language:Slovak
Published: Bratislava 2015
Tags: Add Tag
No Tags, Be the first to tag this record!

MARC

LEADER 00000nbm a2200000 4500
001 0203419
005 20161212111112.7
041 0 |a slo 
044 |a SK 
245 1 0 |a Genetické algoritmy a ich využitie v praxi (praktické využitie evolučnej optimalizácie)  |b diplomová práca  |c Tomáš Hanačík ; školiteľ: Tomáš Oliva 
264 1 |a Bratislava  |c 2015 
300 |a 67 s. 
100 1 |a Hanačík, Tomáš 
700 1 |a Oliva, Tomáš 
710 2 |a Fakulta hospodárskej informatiky EU. Katedra aplikovanej informatiky